00386 a2200097 4500001001000000005001700010008004100027245013900068100002300207773005800230ART_1797620260410161656.0260409a 10aLa responsabilidad del Estado por el ejercicio ilegítimo de sus facultades de fiscalización y verificación en materia tributaria1 aODonnell, Agustina0 tPráctica profesionalg- Nº 119 (jun. 2010)wREV542